| 000 | 00999nam a22002417a 4500 | ||
|---|---|---|---|
| 999 |
_c860 _d860 |
||
| 001 | 003421 | ||
| 003 | CoMeUDC003421 | ||
| 005 | 20190117222436.0 | ||
| 008 | 151026s2014 ck gr 00010 spa d | ||
| 020 | _a9789585713413 | ||
| 040 |
_aCO-BoBLA _bspa _cCoMeUDC |
||
| 043 | _as-ck--- | ||
| 082 | 0 | 4 |
_a348.04 _bM594c _221 |
| 240 | 1 | 0 | _aAntioquia-Bibliografía regional |
| 245 | 0 | 4 |
_aLas claves de la defensa : _bla Empresa de Transporte Masivo del Valle de Aburrá ETMVA vs. el Consorcio Hispano Alemán -CHA-. / |
| 260 |
_aMedellín : _bMetro de Medellín, _c2014. |
||
| 300 |
_a375 páginas ; _c24 cm + 1 plegable. |
||
| 610 | 0 |
_aEmpresa de Transporte Masivo del Valle de Aburrá (Medellín, Antioquia, Colombia) _x Procesos, litigios, etc. _91170 |
|
| 610 | 0 |
_aConsorcio Hispano Alemán _x Procesos, litigios, etc. _91171 |
|
| 650 | 4 |
_aTransporte masivo _x Financiación _z Medellín (Antioquia, Colombia) |
|
| 942 |
_2ddc _cBK |
||
| 949 |
_an _bn |
||